Normal view
MARC view
- Yan, Xiaoming.
Entry Personal Name
001 - CONTROL NUMBER
- control field: 56290
003 - CONTROL NUMBER IDENTIFIER
- control field: OSt
005 - DATE AND TIME OF LATEST TRANSACTION
- control field: 20240405141039.0
008 - FIXED-LENGTH DATA ELEMENTS
- fixed length control field: 240405|| aca||aabn | a|a d
040 ## - CATALOGING SOURCE
- Original cataloging agency: OSt
- Transcribing agency: OSt
100 ## - HEADING--PERSONAL NAME
- Personal name: Yan, Xiaoming.
- Relator term: author.
670 ## - SOURCE DATA FOUND
- Source citation: Work cat.: (OSt): Yan, Xiaoming. author., An MRAS observer-based speed sensorless control method for dual-cage rotor brushless doubly fed induction generator /, October 2022.
